| 000 | 00561nam a22001937a 4500 | ||
|---|---|---|---|
| 005 | 20131122135541.0 | ||
| 008 | 131122b xxu||||| |||| 00| 0 eng d | ||
| 020 |
_a9788183162692 _c2500.00 |
||
| 040 | _aLoreto College | ||
| 082 |
_a370.954 _bRUH |
||
| 100 | _aRuhela, S.P. | ||
| 245 |
_aIndia's national educational policy and development _bToday and tomorrow _cS.P. Ruhela |
||
| 260 |
_aNew Delhi _bNeelkamal _c2011 |
||
| 300 |
_axiv, 260p./V-I _b23cm |
||
| 650 | _aEducational policy | ||
| 700 |
_4Auth _aNayak, Raj Kumar |
||
| 850 | _aLCBED | ||
| 942 | _cBK | ||
| 999 |
_c38865 _d89344 |
||